That Night

שמור ב:
מידע ביבליוגרפי
מחבר ראשי: McDermott´s, Alice
פורמט: ספר
שפה:Undetermined
יצא לאור: New York, Estados Unidos Harper & Row Publishers 1988
נושאים:
תגים: הוספת תג
אין תגיות, היה/י הראשונ/ה לתייג את הרשומה!

MARC

LEADER 00000nam a2200000Ia 4500
008 170316s9999 xx 000 0 und d
040 |a cru BVZT 
090 |a 810 M-25.1t 
100 |a McDermott´s, Alice 
245 |a That Night 
260 |a New York, Estados Unidos 
260 |b Harper & Row Publishers 
260 |c 1988 
300 |a 184 páginas 
650 |a LITERATURA ESTADOUNIDENSE 
999 |c 5899  |d 5899 
942 |c 15 D  |h 810 M-25.1t  |2 z